| 000 | 00464nam a22001817a 4500 | ||
|---|---|---|---|
| 005 | 20260504103924.0 | ||
| 008 | 260428b |||||||| |||| 00| 0 eng d | ||
| 020 | _a9780323680424 | ||
| 082 |
_a611 _bNET-N |
||
| 100 | _aNetter; Frank H. | ||
| 245 |
_aNetter Atlas of Human Anatomy: _b Classic regional Approach/ |
||
| 250 | _a8th.ed | ||
| 260 |
_aPakistan: _bElsevier; _c2023. |
||
| 300 | _a556p. | ||
| 650 | _aMedical /Dentistry | ||
| 999 |
_c37144 _d37144 |
||